000 00320nam a2200121Ia 4500
008 240731s9999 xx 000 0 und d
022 _a1472-0825
245 0 _aSex Education : Sexuality, Society and Learning
260 _bRoutledge
856 _uhttps://www.tandfonline.com/loi/csed20
942 _2ddc
942 _cTFEJ
999 _c79381
_d79381
945 _a1
_bMadushi Gamage
_c1
_dMadushi Gamage